000 00425nam a2200157Ia 4500
008 210716s1997 xx 000 0 und d
020 _a0072394668
041 _aeng
082 _a658.1511 HILR
100 _aHilton, Ronald W.
245 _aManagerial accounting.
250 _a3
260 _aNew Delhi
_bTata McGraw Hill Publishing Company Ltd
_c1997
300 _axxvii,1002,G-14I-12
650 _aManagement Accounting
999 _c206045
_d206045